| 000 | 00434nam a2200193Ia 4500 | ||
|---|---|---|---|
| 008 | 170918s9999 xx 000 0 und d | ||
| 020 | _a9780590275354 | ||
| 050 | _bL755 1994 | ||
| 100 | _aLing, Bettina | ||
| 245 | _aKites / | ||
| 245 | _cBettina Ling. | ||
| 260 | _aNew York : | ||
| 260 | _bScholastic, | ||
| 260 | _c1994 | ||
| 300 | _a16 pages : | ||
| 300 | _bcolored illustration ; | ||
| 300 | _c24cm. | ||
| 500 | _a280 | ||
| 999 |
_c341063 _d341063 |
||